TV Characters by First Names Quiz Stats

 Plays Quiz Updated Mar 28, 2018

Score 0/24 Timer 05:00
2 Plays Today
% Correct
COSMO Kramer
(Seinfeld)
80.6%
GLORIA Delgado-Pritchett
(Modern Family)
76.1%
ERIC Cartman
(South Park)
75.9%
JAMES T. Kirk
(Star Trek)
74.8%
EDNA Krabappel
(The Simpsons)
74.7%
LESLIE Knope
(Parks and Recreation)
74.4%
GREGORY House
(House, MD)
74.3%
FOX Mulder
(The X-Files)
74.1%
EDDARD 'Ned' Stark
(Game of Thrones)
74.1%
ARTHUR Fonzarelli
(Happy Days)
74.1%
LORELAI 'Rory' Gilmore
(Gilmore Girls)
73.7%
ARCHIBALD 'Archie' Bunker
(All in the Family)
70.2%
% Correct
DONNA JO 'D.J.' Tanner
(Full House)
69.5%
ELIZABETH 'Liz' Lemon
(30 Rock)
67.3%
GLENN Quagmire
(Family Guy)
67%
TERENCE 'Terry' Jeffords
(Brooklyn Nine-Nine)
65.2%
HORATIO Caine
(CSI: Miami)
64.9%
GEORGE OSCAR 'GOB' Bluth II
(Arrested Development)
59.2%
CHRISTOPHER Turk
(Scrubs)
59%
JOHN Locke
(Lost)
57.2%
PHILIP J. Fry
(Futurama)
56.1%
TRACY McConnell
(How I Met Your Mother)
56%
VIOLET Crawley
(Downton Abbey)
53.8%
ANGUS MacGyver
(MacGyver)
47.2%

You're not logged in!

Compare scores with friends on all Sporcle quizzes.
OR
Log In

Sporcle TV

Today on Sporcle TV


Watch our educational content, quiz creation guides, and fun videos on Sporcle TV.

Show Comments

Extras

Top Quizzes Today


Score Distribution

Your Account Isn't Verified!

In order to create a playlist on Sporcle, you need to verify the email address you used during registration. Go to your Sporcle Settings to finish the process.

Report this User

Report this user for behavior that violates our Community Guidelines.

Details: